000 00359nam a2200145Ia 4500
008 230917s9999||||xx |||||||||||||| ||und||
040 _e156609
_aMAIN
041 _aEnglish
082 _a581.82 G959P
100 _aGupta, S D, ed.
245 0 _aPlant tissue culture engineering
260 _aNetherlands
_bSpringer
_c2006
300 _a480 p.
942 _cBK
999 _c141968
_d141968